书目信息 |
| 题名: |
ABAQUS软件的工程应用实例集
|
|
| 作者: | 邓益兵 , 蒋建平 , 史旦达, , 刘文白 著 | |
| 分册: | ||
| 出版信息: | 北京 人民交通出版社股份有限公司 2015.01 |
|
| 页数: | 305页 | |
| 开本: | 26cm | |
| 丛书名: | 融会贯通·工程软件 | |
| 单 册: | ||
| 中图分类: | O241.82 | |
| 科图分类: | ||
| 主题词: | 有限元分析--you xian yuan fen xi--应用软件 | |
| 电子资源: | ||
| ISBN: | 978-7-114-11791-6 | |
| 000 | 01440nam 2200349 450 | |
| 001 | CAL 007197469 | |
| 005 | 20150814104151.53 | |
| 010 | @a978-7-114-11791-6@dCNY68.00 | |
| 100 | @a20150616d2015 em y0chiy50 ea | |
| 101 | 0 | @achi |
| 102 | @aCN@b110000 | |
| 105 | @aa a 000yy | |
| 106 | @ar | |
| 200 | 1 | @aABAQUS软件的工程应用实例集@AABAQUS ruan jian de gong cheng ying yong shi li ji@d= The application of ABAQUS in engineering analyses@f史旦达 ... [等] 著@zeng |
| 210 | @a北京@c人民交通出版社股份有限公司@d2015.01 | |
| 215 | @a305页@c图@d26cm | |
| 225 | 2 | @a融会贯通·工程软件@Arong hui guan tong · gong cheng ruan jian |
| 304 | @a题名页题其余责任者: 邓益兵, 蒋建平, 刘文白 | |
| 320 | @a有书目 (第305页) | |
| 330 | @a本书内容主要包括海岸工程 (高桩码头、板桩码头、重力式码头、海堤) 、海洋工程 (独桩承台、群桩承台、导管架) 、桩基础 (抗滑桩、桩桶基础、桩基础中的地层结构效应、桩侧阻与端阻的相互作用) 、边坡工程 (浅基础、隧道工程、地下连续墙) 等。 | |
| 410 | 0 | @12001 @a融会贯通·工程软件 |
| 510 | 1 | @aApplication of ABAQUS in engineering analyses@zeng |
| 586 | @a | |
| 606 | 0 | @a有限元分析@Ayou xian yuan fen xi@x应用软件 |
| 610 | 0 | @aABAQUS |
| 690 | @aO241.82@v5 | |
| 701 | 0 | @a邓益兵@Adeng yi bing@4著 |
| 701 | 0 | @a蒋建平@Ajiang jian ping@4著 |
| 701 | 0 | @a史旦达,@Ashi dan da@f1979-@4著 |
| 701 | 0 | @a刘文白@Aliu wen bai@4著 |
| 801 | 0 | @aCN@c20150820 |
| 905 | @a河南城建学院图书馆@dO241.82@eS570@f3 | |
| ABAQUS软件的工程应用实例集= The application of ABAQUS in engineering analyses/史旦达 ... [等] 著.-北京:人民交通出版社股份有限公司,2015.01 |
| 305页:图;26cm.-(融会贯通·工程软件) |
| ISBN 978-7-114-11791-6:CNY68.00 |
| 本书内容主要包括海岸工程 (高桩码头、板桩码头、重力式码头、海堤) 、海洋工程 (独桩承台、群桩承台、导管架) 、桩基础 (抗滑桩、桩桶基础、桩基础中的地层结构效应、桩侧阻与端阻的相互作用) 、边坡工程 (浅基础、隧道工程、地下连续墙) 等。 |
| ● |
| 相关链接 |
|
|
|
正题名:ABAQUS软件的工程应用实例集
索取号:O241.82/S570
 
预约/预借
| 序号 | 登录号 | 条形码 | 馆藏地/架位号 | 状态 | 备注 |
| 1 | 1164638 | 211646389 | 自科库401/401自科库 79排2列4层/ [索取号:O241.82/S570] | 在馆 | |
| 2 | 1164639 | 211646398 | 自科库401/401自科库 79排2列4层/ [索取号:O241.82/S570] | 在馆 | |
| 3 | 1164640 | 211646405 | 自科库401/401自科库 80排1列5层/ [索取号:O241.82/S570] | 在馆 |